| 000 | 00929cam a22002891 4500 | ||
|---|---|---|---|
| 001 | 22690 | ||
| 003 | BD-RjUL | ||
| 005 | 20211209000834.0 | ||
| 008 | 140309t1962 ilu 000 0 eng | ||
| 035 | _a(BD-RjUL)22755 | ||
| 035 | _a(OCoLC)171841 | ||
| 040 |
_aDLC _cOYU _dOCoLC _dDLC _dBD-RjUL _beng |
||
| 041 | 1 |
_aeng _hita |
|
| 082 | 0 | 0 |
_a851.3 _bARS 1962 |
| 100 | 1 |
_aAriosto, Lodovico, _d1474-1533. _970010 |
|
| 245 | 0 | 0 |
_aSir John Harington's translation of Orlando Furioso / _cEdited and introduced by Graham Hough. |
| 260 |
_aLondon : _bCentaur press, _c1962. |
||
| 300 |
_axi, 577 p. ; _c30 cm. |
||
| 490 | 0 | _aCentaur classics | |
| 650 | 1 |
_a Harington, John, -- Sir, -- 1560-1612. _970011 |
|
| 700 | 1 |
_aHarington, John, _cSir, _d1560-1612, _etr. _970012 |
|
| 700 | 1 |
_aHough, Graham Goulden, _d1908- _eed. _970013 |
|
| 740 | 0 | _aOrlando furioso. | |
| 942 |
_2ddc _cBK |
||
| 999 |
_c22690 _d22690 |
||